Liga Europy 2022/2023 - Statystyki

Ogólne statystyki
  • Ten quiz został rozwiązany 214 razy
  • Średni wynik to 9 z 32
Statystyki odpowiedzi
NUMER GRUPA KLUB % Poprawnych
1 GRUPA A Arsenal FC
80%
17 GRUPA E Manchester United
72%
9 GRUPA C AS Roma
70%
11 C Real Betis
48%
21 GRUPA F SS Lazio
48%
18 E Real Sociedad
45%
22 F Feyenoord Rotterdam
40%
6 B Stade Rennais FC
39%
30 H AS Monaco
34%
15 D 1.FC Union Berlin
33%
5 GRUPA B Dynamo Kijów
33%
13 GRUPA D SC Braga
31%
20 E AS Omónia Lefkossías
28%
2 A PSV Eindhoven
28%
3 A FK Bodø/Glimt
27%
27 G SC Freiburg
25%
14 D Malmö FF
23%
26 G Qarabağ Ağdam
23%
19 E Sheriff Tiraspol
22%
7 B Fenerbahçe SK
20%
4 A FC Zürich
19%
25 GRUPA G Olympiakós Pireus
19%
28 G FC Nantes
17%
32 H Trabzonspor Kulübü
17%
24 F Sturm Graz
15%
29 GRUPA H FK Crvena Zvezda
14%
10 C Łudogorec Razgrad
14%
23 F FC Midtjylland
11%
12 C HJK Helsinki
10%
8 B AEK Larnaka
8%
16 D Royale Union Saint-Gilloise
8%
31 H Ferencvárosi TC
7%
Nie znaleziono quizów pasujących do podanych kryteriów
Rozkład punktacji
Procent ludzi z każdym wynikiem
Percentyl według liczby udzielonych odpowiedzi
Twoja historia wyników
Nie rozwiązałeś tego quizu